| 000 | 01467cam a22003977a 4500 | ||
|---|---|---|---|
| 001 | 15904311 | ||
| 003 | OSt | ||
| 005 | 20140310182719.0 | ||
| 008 | 090914s2009 njua b 001 0 eng c | ||
| 010 | _a 2009289908 | ||
| 016 | 7 |
_a101506729 _2DNLM |
|
| 020 | _a9789814296045 | ||
| 035 | _a(OCoLC)ocn290460985 | ||
| 040 |
_aNLM _cNLM _dBTCTA _dYDXCP _dAGL _dCDX _dDLC |
||
| 042 | _apcc | ||
| 043 | _aa-si--- | ||
| 050 | 0 | 0 |
_aQK 99 _b.K79 2010 |
| 082 | 0 | 0 |
_aM 615.3 _bK79 2010 |
| 100 | 1 | _aKoh, Hwee Ling. | |
| 245 | 1 | 2 |
_aA guide to medicinal plants : _ban illustrated, scientific and medicinal approach / _cKoh, Hwee Ling; Chua, Tung Kian; Tan, Chay Hoon ; other contributors: Johannes Murti Jaya ... [et al.] ; photographers: Chua Tung Kian ... [et al.]. |
| 260 |
_aSingapore : _bWorld Scientific Publishing Co., _cc2010. |
||
| 300 |
_axi, 292 p. : _bill. ; _c23 cm. |
||
| 504 | _aIncludes bibliographical references (p. 172-247) and index. | ||
| 521 | _aCollege Students | ||
| 526 | _c1210L-1700L | ||
| 541 | _j1 | ||
| 562 | _e1 | ||
| 650 | 0 |
_aMedicinal plants _zSingapore _vIdentification. |
|
| 650 | 1 | 2 |
_aPlants, Medicinal _zSingapore. |
| 700 | 1 | _aChua, Tung Kian. | |
| 700 | 1 | _aTan, Chay Hoon. | |
| 906 |
_a7 _bcbc _cpccadap _d2 _encip _f20 _gy-gencatlg |
||
| 942 |
_2lcc _cBK _kM |
||
| 999 |
_c15315 _d15315 |
||